=LDR 00000nam 2200000 4500 =001 000520 =005 20250710114623 =035 ##$$a 0010-0725000382 =007 ta =008 250710################a##########0#ind## =020 ##$$a 978-623-194-320-0 =082 ##$$a 398.209 598 =084 ##$$a 398.209 598 KUS p =100 #$$a Kuswardhani, Dian Sukma =245 1#$$a Pesawat Kertas Persahabatan /$c Dian Sukma Kuswardhani =250 ##$$a Cetakan Pertama =260 ##$$a Jakarta Timur :$b Badan Pengembangan dan Pembinaan Bahasa =300 ##$$a 36 hlm : $b ilus. ; $c 29,7 cm =650 #4$$a Cerita Bergambar =600 #4$$a Cerita anak-Indonesia =856 ##$$a TBM AS SUHADA =990 ##$$a TBM02730273